| 000 | 01155nam0a22003011 4500 | ||
|---|---|---|---|
| 001 | rc\340517 | ||
| 005 | 20250621045218.0 | ||
| 010 |
_a5-247-01195-3 _94420 |
||
| 035 | _a(NLR Aleph) 005582566 | ||
| 090 |
_a6127834 _c6127834 |
||
| 100 | _a20030307d1989 |||y0rusy50 ca | ||
| 101 | 0 | _arus | |
| 102 | _aRU | ||
| 105 | _aa ||||||||| | ||
| 200 | 1 |
_aПроектирование строительства подземных сооружений _e[Учеб. по спец. "Шахт. и подзем. стр-во"] |
|
| 205 | _a2-е изд., перераб. и доп. | ||
| 210 |
_aМ. _cНедра _d1989 |
||
| 215 |
_a317, [1] с. _cил. _d22 |
||
| 225 | 1 | _aВысшее образование | |
| 300 | _aЗагл. корешка: Проектирование подземных сооружений | ||
| 320 | _aБиблиогр.: с. 315-316 (31 назв.) | ||
| 700 | 1 |
_aПопов _bВ. Л. _cд-р техн. наук, горное дело _gВалерий Львович _9243205 _3RU\NLR\AUTH\770243261 |
|
| 801 | 0 |
_aRU _bNLR _gpsbo |
|
| 801 | 1 |
_aRU _bELAR _2rusmarc |
|
| 852 |
_aNLR _j89-5/4002 |
||
| 942 | _cBOOK | ||
| 980 | _aNB | ||